عرض عادي
عرض مارك
- Cardiovascular Diseases
مدخل مصطلح موضوعي
001 - رقم الضبط
- حقل الضبط: 36119
003 - معرف رقم الضبط
- حقل الضبط: OSt
005 - تاريخ ووقت أخر عملية
- حقل الضبط: 20130624162715.0
008 - عناصر بيانات ثابتة الطول
- حقل تحكم ثابت الطول: 130624|||a|||||| | ||| d
040 ## - مصدر الفهرسة
- هيئة الفهرسة الأصلية: OSt
- وكالة الكتابة: OSt
150 ## - مدخل-- مصطلح تاريخي
- عنصر مدخل المصطلح الموضوعي او الاسم الجغرافي: Cardiovascular Diseases
- تفريع عام: ultrasonography.
670 ## - بيانات المصدر موجوده
- الاستشهاد بالمصدر: Work cat.: (OSt)0: The practice of clinical echocardiography /, c2012.
